Orientaciones para el seguimiento del programa EDUCO (Registro nro. 25764)

Detalles MARC
000 -CABECERA
Longitud fija campo de control 00616nai a22001697a 4500
003 - IDENTIFICADOR DELl NÚMERO DE CONTROL
Identificador del número de control OSt
005 - FECHA Y HORA DE LA ÚLTIMA TRANSACCIÓN
Fecha y hora de la última transacción 20161007150843.0
008 - CÓDIGOS DE INFORMACIÓN DE LONGITUD FIJA
Códigos de información de longitud fija 160902b xxu||||| |||| 00| 0 eng d
040 ## - FUENTE DE LA CATALOGACIÓN
Centro catalogador de origen BMC
Centro transcriptor BMC
082 ## - NÚMERO DE LA CLASIFICACIÓN DECIMAL DEWEY
Númeroo de clasificación 370.7284
245 00 - MENCIÓN DE TÍTULO
Título Orientaciones para el seguimiento del programa EDUCO
Resto del título : una experiencia que enseña, una experiencia que aprende
Mención de responsabilidad, etc. Ministerio de Educación
260 ## - PUBLICACIÓN, DISTRIBUCIÓN, ETC. (PIE DE IMPRENTA)
Lugar de publicación, distribución, etc. San Salvador (El Salvador)
Nombre del editor, distribuidor, etc. Ministerio de Educación, Programa EDUCO
Fecha de publicación, distribución, etc. 1996
300 ## - DESCRIPCIÓN FÍSICA
Extensión 67 p.
Otras características físicas il.
Dimensiones 27 cm
650 24 - PUNTO DE ACCESO ADICIONAL DE MATERIA - TÉRMINO DE MATERIA
9 (RLIN) 19100
Término de materia o nombre geográfico como elemento inicial Educación
Subdivisión geográfica El Salvador
710 1# - PUNTO DE ACCESO ADICIONAL - NOMBRE DE ENTIDAD
9 (RLIN) 7383
Nombre de entidad o nombre de jurisdicción como elemento inicial El Salvador
Unidad subordinada Ministerio de Educación
942 ## - ENTRADA DE ELEMENTOS AGREGADOS (KOHA)
Fuente de clasificaión o esquema Dewey Decimal Classification
Koha [por defecto] tipo de item 2- Prensa y Revistas
Existencias
Suprimido Perdido Fuente de clasificación o esquema Estropeado Restricciones de uso No para préstamo Código de colección Localización permanente Localización actual Localización en estanter&íacute;as Fecha adquisición Fuente de adquisición Número de inventario Préstamos totales Signatura completa Código de barras Fecha última consulta Fecha del precio de reemplazo Tipo de item de Koha
NULL NULL Dewey Decimal Classification NULL Prestable NULL NULL Biblioteca Miguel de Cervantes - UNICAES Biblioteca Miguel de Cervantes - UNICAES Sala Principal 23/03/2004 Donación - MINED 000001   MIN-000001 1038072 17/09/2016 17/09/2016 2- Prensa y Revistas